Statistics for Coastal Countries of Africa Quiz

Click here to take the quiz!

General Stats

  • This quiz has been taken 31 times
    (20 since last reset)
  • The average score is 37 of 38

Answer Stats

Countries% Correct
Algeria
100%
Angola
100%
Benin
100%
Cameroon
100%
Democratic Republic
of the Congo
100%
Egypt
100%
Equatorial Guinea
100%
Gabon
100%
Ghana
100%
Guinea
100%
Kenya
100%
Mauritania
100%
Morocco
100%
Mozambique
100%
Namibia
100%
Nigeria
100%
Republic of
the Congo
100%
South Africa
100%
Sudan
100%
Tanzania
100%
Togo
100%
Tunisia
100%
Cape Verde
93%
Comoros
93%
Djibouti
93%
Eritrea
93%
Gambia
93%
Guinea-Bissau
93%
Ivory Coast
93%
Liberia
93%
Libya
93%
Madagascar
93%
Mauritius
93%
Senegal
93%
Seychelles
93%
Sierra Leone
93%
Somalia
93%
Sao Tome and
Principe
87%

Score Distribution

Percentile by Number Answered

Percent of People with Each Score

Your Score History

You have not taken this quiz since the last reset